| Tag |
First Indicator |
Second Indicator |
Subfields |
| LEADER |
00000cam a2200000 4500 |
| 001 |
in00000044652 |
| 005 |
20151007075047.0 |
| 008 |
771029s1954 stkf 00110 engm |
| 010 |
|
|
|a 55000623
|
| 035 |
|
|
|a (OCoLC)03378102
|
| 035 |
|
|
|9 AAF2567AM
|
| 040 |
|
|
|a DLC
|c AZU
|d TXA
|d UtOrBLW
|
| 049 |
|
|
|a TXAM
|c [263486]
|
| 050 |
|
0 |
|a QL690.I7
|b K43
|
| 092 |
|
|
|a 598.29415
|b K36b
|
| 100 |
1 |
|
|a Kennedy, P. G.
|
| 245 |
1 |
4 |
|a The birds of Ireland ;
|b an account of the distribution, migrations, and habits as observed in Ireland /
|c by P. G. Kennedy, Robert F. Ruttledge [and] C. F. Scroope, assisted by G. R. Humphreys.
|
| 264 |
|
1 |
|a Edinburgh :
|b Oliver and Boyd,
|c [1954]
|
| 300 |
|
|
|a xv, 437 pages :
|b 11 plates ;
|c 24 cm.
|
| 336 |
|
|
|a text
|b txt
|2 rdacontent
|
| 337 |
|
|
|a unmediated
|b n
|2 rdamedia
|
| 338 |
|
|
|a volume
|b nc
|2 rdacarrier
|
| 650 |
|
0 |
|a Birds
|z Ireland.
|
| 650 |
|
0 |
|a Birds
|x Behavior.
|
| 650 |
|
0 |
|a Birds
|x Migration.
|
| 999 |
|
|
|a MARS
|
| 999 |
f |
f |
|s daa7a0b1-cda8-33aa-8e4d-deac2fb5299b
|i 1d69ee63-38c1-364a-83a7-ecf545616e3c
|t 0
|
| 952 |
f |
f |
|p ric
|a Texas A&M University
|b Rellis Campus
|c Joint Library Facility
|d Remote Storage
|t 0
|e QL690.I7 K43
|h Library of Congress classification
|i unmediated -- volume
|m A14801022866
|
| 998 |
f |
f |
|a QL690.I7 K43
|t 0
|l Remote Storage
|